000 02362nam0a2200385 4500
001 RU\NLR\bibl\904510
005 20260407120933.0
010 _a5-7320-0863-2
_9500
021 _aRU
_b2005-73426
_93618
035 _a(nilc)RSL-KNO-002766069
035 _a(NLR Aleph) 000892923
090 _a1729734
_c1729734
100 _a20051111d2005 |||y0rusy50 ca
101 0 _arus
102 _aRU
105 _aa |||||||||
106 _ar
200 1 _aСтратегия социально-экономического развития Северо-Запада России до 2015 года
_eосновные положения 6-й редакции
_fАппарат Полномочного представителя Президента Рос. Федерации в Сев.-Зап. федер. окр. [и др.
_gС.Д. Воронцова и др.]
210 _aСПб.
_cЗнание
_d2005
215 _a98 с., [4] л. цв. ил., карт.
_d30
300 _aВ надзаг. также: МООО "Знание" Санкт-Петербурга и Ленингр. обл., Ин-т комплекс. прогнозов и мониторинга "Северо-Запад", Межрегион. ассоц. содействия развитию образования в системе о-ва "Знание"
607 _aРоссийская Федерация
_xНародное хозяйство
_yСеверо-Запад
_92154760
_3RU\NLR\auth\661297299
607 _aРоссийская Федерация
_xЭкономическая политика региональная
_92285763
_3RU\NLR\auth\661369206
610 0 _aЭкономика -- Российская Федерация -- Северо-Западный экономический район -- Обзор
686 _aУ9(2Р31)0-04
_2rubbk
686 _aУ03(2Р31)74
686 _aУ9(2)-18(2Р)
702 1 _aВоронцова
_bС. Д.
_4220
712 0 1 _4570
_aРоссийская Федерация
_bПрезидент
_bПолномочный представитель в Северо-Западном федеральном округе
_c2004-2008; В. В. Путин
_9640475
_3RU\NLR\AUTH\8810069458
801 0 _aRU
_bRuMoRKP
_c20051111
_grcr
801 1 _aRU
_bRuMoRGB
_c20051111
801 2 _aRU
_bNLR
_c20060207
_grcr
942 _cBOOK
980 _aNB